15 Places in Wisconsin Quiz Stats

 Plays Quiz not verified by Sporcle

Challenge
Share
Tweet
Embed
Score 0/15 Timer 04:00
0 Plays Today
% Correct
Madison
97.5%
Green Bay
96.3%
Milwaukee
91%
La Crosse
84.8%
Oshkosh
81.4%
Baraboo
77.7%
Janesville
70.3%
West Allis
68.7%
% Correct
Kenosha
68.4%
Peshtigo
65.3%
Superior
64.1%
Cudahy
62.8%
Horicon
55.4%
Ripon
55.1%
Racine
48.3%

You're not logged in!

Compare scores with friends on all Sporcle quizzes.
OR
Log In

You Might Also Like...

Show Comments

Extras

Created Nov 23, 2012ReportNominate
Tags:Clickable Quiz, place, wisconsin

Top Quizzes Today


Score Distribution

Your Account Isn't Verified!

In order to create a playlist on Sporcle, you need to verify the email address you used during registration. Go to your Sporcle Settings to finish the process.

Report this User

Report this user for behavior that violates our Community Guidelines.

Details: